• 首页
  • 本馆介绍
  • 公告通知
  • 最新文献
  • 馆藏检索
  • 电子资源
  • 读者导购
  • 参考咨询
  • 我的图书馆
  • 登录
  • 详细信息显示
  • 放入我的书架
  • 预约/预借图书
  • 作者相关作品
  • 分类相关作品
  • 丛书相关作品
  • 出版社相关作品

书目信息

  • 表格格式
  • 工作单格式
  • 卡片格式
题名:
冶金企业环境保护
    
 
作者: 马红周 , 张朝晖 主编
分册:  
出版信息: 北京   冶金工业出版社  2010.08
页数: 159页
开本: 26cm
丛书名:
单 册:
中图分类: X756
科图分类:
主题词: 冶金工业--ye jin gong ye--工业企业--环境保护--高等学校--教材
电子资源:
ISBN: 978-7-5024-5312-1
000 00972nam0 2200253 450
001 0106081817
005 20201106082044.0
010    @a978-7-5024-5312-1@dCNY23.00
100    @a20101021e20172010em y0chiy50 ea
101 0  @achi
102    @aCN@b110000
105    @ay z 000yy
106    @ar
200 1  @a冶金企业环境保护@Aye jin qi ye huan jing bao hu@f马红周, 张朝晖主编
210    @a北京@c冶金工业出版社@d2010.08@h2017.01
215    @a159页@c图@d26cm
300    @a高等学校规划教材
330    @a本书内容包括:环境保护概论、冶金大气污染控制、冶金水污染控制、冶金固体废物处理、噪声及其他污染控制、清洁生产与循环经济等,基本涵盖了有色金属和黑色金属生产过程中污染物的治理措施和方法,并对清洁生产和循环经济作了介绍。
606 0  @a冶金工业@Aye jin gong ye@x工业企业@x环境保护@x高等学校@j教材
690    @aX756@v5
701  0 @a马红周@Ama hong zhou@4主编
701  0 @a张朝晖@Azhang zhao hui@4主编
801  0 @aCN@bBJSZM@c20201106
905    @b1192060-3@dX756@e325@f4
    
    冶金企业环境保护/马红周, 张朝晖主编.-北京:冶金工业出版社,2010.08(2017.01)
    159页:图;26cm
    高等学校规划教材
    
    ISBN 978-7-5024-5312-1:CNY23.00
    本书内容包括:环境保护概论、冶金大气污染控制、冶金水污染控制、冶金固体废物处理、噪声及其他污染控制、清洁生产与循环经济等,基本涵盖了有色金属和黑色金属生产过程中污染物的治理措施和方法,并对清洁生产和循环经济作了介绍。
●
相关链接 在E读中查询图书 在五车中查询图书 在当当中查询图书 在豆瓣中查询图书


正题名:冶金企业环境保护     索取号:X756/325         预约/预借

序号 登录号 条形码 馆藏地/架位号 状态 备注
1 1192060   211920607   第二样本阅览室/ [索取号:X756/325] 在馆    
2 1192061   211920616   第三借阅区/ [索取号:X756/325] 在馆    
3 1192062   211920625   第三借阅区/ [索取号:X756/325] 在馆    
4 1192063   211920634   第三借阅区/ [索取号:X756/325] 在馆    
唐山师范学院图书馆 欢迎您!
大连网信软件有限公司© 版权所有